00786nam a2200217Ii 45000010005000000030009000050080041000140400033000550410008000880820013000961100040001092450039001492640072001883000012002603360026002723370028002983380027003269400050003539990017004039520148004204196CO-ViMGA241108s9999||||xx |||||||||||||| ||und|| aCO-ViMGAbspaerdacCO-ViMGA0 aunk04a498 I4881 aInstituto Lingüístico de Verano10aHuitoto Rabenico:bDialecto Minica 1a[Lugar de publicación no identificado] : Editorial Townsend, 1971 avolumen atextbtxt2rdacontent aunmediatedbn2rdamedia avolumebnc2rdacarrier aidficha_siabuc: 4104. -- ficha_no_siabuc:4196 c55705d55705 001040708FPatriMetaaMEVIGERRbMEVIGERRcLOCALd2006-11-27hVol.1o498-I488pECA2990r2024-11-26 10:51:41tEj.1w2024-11-26yBKz4104 | 6031